Literatura 4; españa en sus letras /
Guardado en:
| Autor Principal: | |
|---|---|
| Formato: | Libro |
| Publicado: |
Buenos Aires :
Estrada,
1988
|
| Etiquetas: |
Agregar Etiqueta
Sin Etiquetas, Sea el primero en etiquetar este registro!
|
| LEADER | 00427nam a22001455a 4500 | ||
|---|---|---|---|
| 001 | CEM.cems005950 | ||
| 005 | 20060214000000.0 | ||
| 008 | 130507s1988##################000#0#####d | ||
| 003 | CEMS | ||
| 082 | 0 | 4 | |a 860.9 |
| 100 | 1 | |a Serrano Redonnet, María Luisa O. | |
| 245 | 1 | 0 | |a Literatura 4; españa en sus letras / |
| 260 | |a Buenos Aires : |b Estrada, |c 1988 | ||
| 300 | |a 505 p.1 | ||
| 859 | |a CEMS |b BIB. CEMS - 11 de abril |h 860.9 |i Se68/IV |p 15540.89 |t Ej.1 | ||
